000 00225nam a2200121Ia 4500
100 _a#N/A
650 _aComputers
942 _cBK
245 _aInside Autocad 14
260 _bTechmedia
082 _bBOA
546 _aENGLISH
999 _c24793
_d24793